00410nam a2200121Ia 4500008004100000245009500041260004500136260000900181300000900190500001300199650001300212856006300225170516s9999 xx 000 0 und d aMicroemulsion-based hydrogels of itraconazole: Evaluation of characteristics and stability bAsian Journal of Pharmaceutical Sciences c2016 a11:1 aFebruary xPharmacy uhttp://www.sciencedirect.com/science/journal/18180876/11/1